Welcome to CU Library Online Public Access Catalogue (OPAC)

One Gospel-Many Cultures: (Record no. 5324)

MARC details
000 -LEADER
fixed length control field 00576nam a22001697a 4500
005 - DATE AND TIME OF LATEST TRANSACTION
control field 20250328200056.0
008 - FIXED-LENGTH DATA ELEMENTS--GENERAL INFORMATION
fixed length control field 250328b |||||||| |||| 00| 0 eng d
020 ## - INTERNATIONAL STANDARD BOOK NUMBER
International Standard Book Number 9789042008977
050 ## - LIBRARY OF CONGRESS CALL NUMBER
Classification number BR118 ONE
245 ## - TITLE STATEMENT
Title One Gospel-Many Cultures:
Remainder of title Case Stuides and Reflections on Cross-Cultural Theology/
Statement of responsibility, etc. Edited by; Mercy Amba Oduyoye & Hendrik M. Vroom
260 ## - PUBLICATION, DISTRIBUTION, ETC.
Place of publication, distribution, etc. New York
Name of publisher, distributor, etc. World Alliance of Reformed Churches
Date of publication, distribution, etc. 2003
300 ## - PHYSICAL DESCRIPTION
Extent 254p.
Dimensions 21 cm
650 ## - SUBJECT ADDED ENTRY--TOPICAL TERM
Source of heading or term Theology
700 ## - ADDED ENTRY--PERSONAL NAME
Personal name Oduyoye Mercy Amba (editor)
700 ## - ADDED ENTRY--PERSONAL NAME
Personal name Vroom Hendrik M. (editor)
942 ## - ADDED ENTRY ELEMENTS (KOHA)
Source of classification or shelving scheme Library of Congress Classification
Koha item type Books
Suppress in OPAC No
999 ## -
-- 5324
-- 5324
Holdings
Withdrawn status Lost status Source of classification or shelving scheme Damaged status Not for loan Collection Home library Current library Shelving location Date acquired Total checkouts Full call number Barcode Date last seen Copy number Price effective from Koha item type
    Library of Congress Classification     Non-fiction Business Library (Miotso) Business Library (Miotso) General stacks 03/28/2025   BR118 ONE BSSM00001696 03/28/2025 1 03/28/2025 Books
© 2023-2024 Copyright: Central University Libraries. All Rights Reserved | Created by: Mahone Tech Office